Sans frontieres 1 entrainement individuel
Αποθηκεύτηκε σε:
| Μορφή: | Κασέτα Ηχητικό |
|---|---|
| Γλώσσα: | French |
| Δημοσίευση: |
Paris :
CLE International,
1982
|
| Θέματα: | |
| Ετικέτες: |
Προσθήκη ετικέτας
Δεν υπάρχουν, Καταχωρήστε ετικέτα πρώτοι!
|
MARC
| LEADER | 00000njm a2200000 i 4500 | ||
|---|---|---|---|
| 001 | 1/46393 | ||
| 007 | ss ls n m | ||
| 008 | 070618s1982 fr freod | ||
| 028 | 0 | 3 | |a 032048 |b CLE |
| 035 | |l 10088363 | ||
| 040 | |a GR-MY-UA |b fre |e aacr | ||
| 041 | 0 | |a fre | |
| 082 | 0 | |a 448 |2 (22) | |
| 245 | 1 | 0 | |a Sans frontieres 1 |h [ηχογράφηση] : |b entrainement individuel |
| 260 | |a Paris : |b CLE International, |c 1982 | ||
| 300 | |a 1 κασέτα ήχου (π. 60 λεπτ.) |b αναλογ. στερεο | ||
| 500 | |a Υπάρχει ψηφιακό αντίγραφο. Για την χρήση του υλικού απευθυνθείτε στο προσωπικό της βιβλιοθήκης. | ||
| 500 | |a "Cassettes d'accompagnement (correspondant aux exercices du cahier d'entrainement reperes par le logo)" | ||
| 505 | 0 | |a Πλευρά Α: Unite 1. - Πλευρά Β: Unite 2 | |
| 650 | 0 | 0 | |a French language |x Usage. |
| 650 | 0 | 0 | |a French language |x Study and teaching |x Audio-visual aids. |
| 852 | |a INST |b RHODES |c AV |e 20070618 |h 448 SAN |p 005400026500 |q 005400026500 |t SC |y 23 | ||
| 901 | |a BIBL4-2007-2 | ||
| 909 | |a Ρ |b 013798 | ||
| 970 | |a ΚΟΖΑ |b ΜΑΡΙΑ |z 2007/06/18 | ||